000 01160nam0a2200337 4500
001 RU\NLR\BIBL_A\010571709
005 20250614073339.0
010 _a978-5-87359-104-6
021 _aRU
_b2014-83314
_95061
035 _a(NLR Aleph) 010571709
090 _a10426775
_c10426775
100 _a20141222d2013 |||y0rusy50 ca
101 1 _ager
_crus
102 _aRU
105 _aa z 000yy
200 1 _aBioresonanz Therapie
_fM.Yu. Gotovskiy, Yu.F. Perov, L.V. Chernetsova
_g[Übers.: Dipl. Ing. Christian Leopold]
210 _aMoskau
_cIMEDIS
_d2013
215 _a207 с.
_cил.
_d21
320 _aБиблиогр. в конце гл.
541 1 _aБиорезонансная терапия.
606 1 _aБиорезонансная терапия
_92264278
_3RU\NLR\AUTH\661357429
686 1 _aР354.29
700 1 _6z45790
_aGotovskij
_bM.J.
_gMichail Jur'evič
701 1 _aPerov
_bJ.F.
_gJurij Filippovič
701 1 _6z46790
_aČernecova
_bL.V.
_gLarisa Vjačeslavovna
790 1 _6z45700
_aGotovskiy
_bM.Yu.
790 1 _6z46701
_aChernetsova
_bL.V.
942 _cBOOK
980 _aNB